[Event "Graz op"]
[Site "Graz"]
[Date "1994.??.??"]
[Round "6"]
[White "Velickovic, Zoran"]
[Black "Baumegger, Siegfried"]
[Result "1-0"]
[WhiteElo "2325"]
[BlackElo "2190"]

1.Nf3 g6 2.d4 Nf6 3.g3 Bg7 4.Bg2 O-O 5.c4 d6 6.O-O c6 7.Nc3 Qa5 8.h3 Qa6
9.b3 b5 10.Nd2 bxc4 11.Nxc4 Be6 12.Ne3 Nbd7 13.Bb2 Rac8 14.Qd2 Nb6 15.Nc2 Nfd5
16.e4 Nxc3 17.Bxc3 Rc7 18.f4 Qc8 19.Ne3 Bxh3 20.f5 Bxg2 21.Kxg2 d5 22.e5 Bh6
23.Qd3 Bxe3 24.Qxe3 gxf5 25.Qg5+  1-0

[Event "Graz-ch"]
[Site "Graz"]
[Date "1994.??.??"]
[Round "7"]
[White "Velickovic, Zoran"]
[Black "Stranegger, E."]
[Result "1-0"]
[WhiteElo "2290"]
[BlackElo "2120"]

1.Nf3 Nf6 2.g3 g6 3.d4 Bg7 4.Bg2 O-O 5.c4 d6 6.O-O Nc6 7.Nc3 a6 8.h3 Rb8
9.e4 e5 10.d5 Na5 11.Qe2 c5 12.dxc6 bxc6 13.Rd1 Qe7 14.b4 Nb7 15.a4 Be6 16.Ba3 Nd7
17.b5 cxb5 18.cxb5 Rfc8 19.Nd5 Bxd5 20.Rxd5 axb5 21.axb5 Nb6 22.Rdd1 Nc4
23.Bb4 Bh6 24.h4 Qd7 25.Rab1 Nb6 26.Nxe5 Qe6 27.Nc6 Ra8 28.Nd4 Qe8 29.e5 d5
30.Nc6 Rc7 31.Bxd5 Nxd5 32.Rxd5 Qe6 33.Rbd1 f6 34.Qd3 fxe5 35.Rxe5 Qf7 36.Re7 Rxe7
37.Nxe7+ Kh8 38.Qd5 Qxd5 39.Rxd5 Bg7 40.Rd7 Nd8 41.Nc6  1-0

[Event "Graz-ch"]
[Site "Graz"]
[Date "1994.??.??"]
[Round "7"]
[White "Singer, Richard"]
[Black "Fahrner, Kurt"]
[Result "0-1"]
[WhiteElo "2140"]
[BlackElo "2310"]

1.d4 d6 2.c4 g6 3.g3 Bg7 4.Nf3 Nf6 5.Bg2 O-O 6.O-O Nc6 7.d5 Na5 8.Nfd2 c5
9.Nc3 e5 10.e4 a6 11.a3 b6 12.b4 Nb7 13.Bb2 Bd7 14.Qe2 Qe7 15.Rab1 Rfb8 16.b5 Rf8
17.Rbe1 axb5 18.cxb5 Na5 19.f4 Ne8 20.Nc4 Nxc4 21.Qxc4 exf4 22.gxf4 Qh4 23.Qd3 Bd4+
24.Kh1 Nf6 25.Bf3 Bg4 26.Re2 Nh5 27.Bxg4 Qxg4 28.Qf3 Qh4 29.Rg2 f5 30.e5 dxe5
31.fxe5 Bxe5 32.d6 Kh8 33.Qd5 Bd4 34.Nd1 Rad8 35.Ne3 Bxb2 36.Rxb2 Ng3+ 37.Kg2 Nxf1
38.Kxf1 Qf4+ 39.Ke2 Qxh2+ 40.Ng2 Qxd6  0-1

[Event "Groningen op"]
[Site "Groningen"]
[Date "1994.??.??"]
[Round "11"]
[White "Tregubov, Pavel V"]
[Black "Korotylev, Alexey"]
[Result "1/2-1/2"]
[WhiteElo "2545"]
[BlackElo "2430"]

1.d4 g6 2.Nf3 Bg7 3.c4 d6 4.g3 Nf6 5.Bg2 O-O 6.O-O Nbd7 7.Nc3 e5 8.e4 c6
9.b3 Re8 10.h3 a6 11.Rb1 b5 12.cxb5 cxb5 13.Re1 exd4 14.Nxd4 Bb7 15.Bg5 h6
16.Bxf6 Nxf6 17.Qd3 Qb6 18.Red1 Rac8 19.Nde2 b4 20.Na4 Qa7 21.Qd4 Qxd4 22.Rxd4 Bxe4
23.Rc1 Rxc1+ 24.Nxc1 Bb1 25.Nd3 a5 26.Rxd6 Ne4 27.Rd7 Bxa2 28.Nac5 Nxc5 29.Nxc5 Re1+
30.Kh2 Rc1 31.Rd2 Bb1 32.Rd5 Bc2 33.Rd8+ Kh7 34.Rd7 Bf5 35.Rd5 h5 36.Ne4 Bf8
37.Rxa5 Kg7 38.Ra7 Be6 39.Ng5 Bxb3 40.Nxf7 Kf6 41.Nd8 Rd1 42.Ra6+ Rd6 43.Nc6 Re6
44.Rb6 Ba4 45.Nxb4 Rxb6 46.Nd5+ Kg7 47.Nxb6 Bb3 48.Bd5 Bc2 49.Kg2 Bc5 50.Nd7 Bd6
51.Bc6 Bf5 52.Nb6 Be6 53.h4 Bc5 54.Nd5  1/2-1/2

[Event "Hamburg-ch"]
[Site "Hamburg"]
[Date "1994.??.??"]
[Round "9"]
[White "Reefschlaeger, Helmut"]
[Black "Trisic, Alexandar"]
[Result "1/2-1/2"]
[WhiteElo "2370"]
[BlackElo "2215"]

1.d4 Nf6 2.c4 g6 3.g3 Bg7 4.Bg2 O-O 5.Nf3 d6 6.O-O Nbd7 7.Nc3 e5 8.b3 c6
9.Qc2 exd4 10.Nxd4 Qe7 11.Rd1 Re8 12.h3 a6 13.Bb2 Nc5 14.Rd2 Nfe4 15.Nxe4 Nxe4
16.Bxe4 Qxe4 17.Qxe4 Rxe4 18.Kg2 c5 19.Nf3 Bxb2 20.Rxb2 b5 21.Rd1 bxc4 22.bxc4 Rxc4
23.Rxd6 Bf5 24.g4 Be4 25.Kg3 Rb4 26.Rbd2 c4 27.Rd8+ Rxd8 28.Rxd8+ Kg7 29.Ng5 c3
30.Rc8 Bd5 31.Rxc3 Bxa2 32.f3 Rb2 33.Kf2 Bb3 34.Ne4 Bd1 35.Re3 a5 36.g5 a4
37.Ke1 Bb3 38.Nc5 Rb1+ 39.Kf2 a3 40.Nxb3 a2 41.Re7 Rxb3 42.Ra7 Rb2 43.f4 h5
44.h4 Rc2 45.Kf3 Rb2 46.e3 Rh2 47.Ke4 Rxh4 48.Rxa2 Rh3 49.Re2 f6 50.Ra2 fxg5
51.fxg5 Rg3 52.Ra7+ Kg8 53.Ra5 Kf7 54.Kf4 Rg4+ 55.Kf3 Rg1 56.e4 Ke6 57.Ra6+ Kf7  1/2-1/2

[Event "SWE-ch"]
[Site "Haparanda"]
[Date "1994.??.??"]
[Round "4"]
[White "Engqvist, Thomas"]
[Black "Jonsson, Hans"]
[Result "1/2-1/2"]
[WhiteElo "2440"]
[BlackElo "2390"]

1.Nf3 g6 2.c4 Bg7 3.d4 Nf6 4.g3 O-O 5.Bg2 d6 6.O-O Nbd7 7.Nc3 e5 8.h3 Re8
9.e4 exd4 10.Nxd4 a6 11.Re1 Rb8 12.Bf4 Ne5 13.b3 Bd7 14.a4 Qc8 15.Kh2 h5
16.Nd5 b5 17.cxb5 axb5 18.a5 c5 19.Nxf6+ Bxf6 20.Ne2 Qc7 21.Nc3 Be6 22.Nd5 Bxd5
23.Qxd5 Ra8 24.Bd2 Nc6 25.e5 Nxe5 26.Qxa8 Rxa8 27.Bxa8 d5 28.Kg2 Nc6 29.Ra2 c4
30.bxc4 dxc4 31.a6 Bd4 32.Bf4 Qd7 33.Be3 Bxe3 34.Rxe3 b4 35.Kh2 b3 36.Rae2 Na7
37.Re8+ Kg7 38.R8e7 Qd4 39.R7e4 Qc5 40.Re5 Qb6 41.Re7 b2 42.Bd5 Qf6 43.Rb7 c3
44.Ba2 Qf3 45.Rxa7 Qxe2 46.Rxf7+ Kh6 47.a7 Qa6 48.Bb1 Qa4 49.h4 Qa6 50.Bd3 Qa2
51.Be4 Qxf7 52.a8=Q Qxf2+ 53.Kh3 Qf1+ 54.Kh2 Qf2+ 55.Kh3 Qf1+ 56.Kh2 Qf2+
57.Kh3  1/2-1/2

[Event "SWE-ch"]
[Site "Haparanda"]
[Date "1994.??.??"]
[Round "10"]
[White "Engqvist, Thomas"]
[Black "Wikner, Arvid"]
[Result "1-0"]
[WhiteElo "2440"]
[BlackElo "2230"]

1.c4 Nf6 2.Nf3 g6 3.d4 Bg7 4.g3 O-O 5.Bg2 d6 6.O-O Nbd7 7.Nc3 e5 8.h3 exd4
9.Nxd4 Re8 10.e4 a6 11.Re1 Rb8 12.Rb1 Ne5 13.b3 c5 14.Nc2 Nfd7 15.Bb2 b5
16.cxb5 c4 17.bxc4 Nxc4 18.Ba1 axb5 19.Nd4 Nde5 20.Ncxb5 Ba6 21.a4 h5 22.f4 Qb6
23.Kh1 Nc6 24.Nxc6 Qxc6 25.Bxg7 Kxg7 26.Qd4+ Kg8 27.e5 Qc8 28.exd6 Rxe1+
29.Rxe1 Bb7 30.d7 Bxg2+ 31.Kxg2 Qc6+ 32.Kf2 Rd8 33.Re8+  1-0

[Event "Hastings op9495"]
[Site "Hastings"]
[Date "1994.??.??"]
[Round "?"]
[White "Arkell, Keith C"]
[Black "Gufeld, Eduard"]
[Result "1-0"]
[WhiteElo "2470"]
[BlackElo "2440"]

1.d4 Nf6 2.Nf3 g6 3.c4 Bg7 4.g3 O-O 5.Bg2 d6 6.O-O Nc6 7.Nc3 a6 8.h3 Rb8
9.e4 b5 10.cxb5 axb5 11.e5 Nd7 12.Ng5 Bb7 13.e6 Nxd4 14.Bxb7 Rxb7 15.exd7 Qxd7
16.a4 bxa4 17.Rxa4 c5 18.Nf3 e5 19.h4 f5 20.Nxd4 cxd4 21.Ne2 h6 22.b4 f4
23.Nxf4 exf4 24.Bxf4 d5 25.Qb3 Rc8 26.Ra6 Kh7 27.Rd6 Qf7 28.Qxd5 Qxd5 29.Rxd5 Rc4
30.Bd2 Rc2 31.Rd1 Ra7 32.Be1 Rb2 33.Kg2 Kg8 34.Rd6 Kf7 35.Rd3 Re7 36.Bd2 Be5
37.Rc6 Re6 38.Rc5 Kg7 39.b5 h5 40.Rd5  1-0

[Event "Havana op"]
[Site "Havana"]
[Date "1994.??.??"]
[Round "4"]
[White "Rivera, Alberto"]
[Black "Zapata, Alonso"]
[Result "1/2-1/2"]
[WhiteElo "2370"]
[BlackElo "2535"]

1.d4 Nf6 2.Nf3 g6 3.c4 Bg7 4.g3 O-O 5.Bg2 d6 6.Nc3 Nc6 7.d5 Na5 8.Nd2 c5
9.O-O a6 10.Qc2 Rb8 11.b3 b5 12.Bb2 e6 13.Rad1 bxc4 14.bxc4 exd5 15.cxd5 Bf5
16.e4 Nxd5 17.exf5 Rxb2 18.Qxb2 Nxc3 19.Qc2 Nxd1 20.Rxd1 Bd4 21.Bd5 Kg7 22.Nf3 Bf6
23.h4 h6 24.fxg6 fxg6  1/2-1/2

[Event "Helsinki-ch"]
[Site "Helsinki"]
[Date "1994.??.??"]
[Round "?"]
[White "Kekki, Jorma"]
[Black "Hermlin, Aarne"]
[Result "1/2-1/2"]
[WhiteElo "2305"]
[BlackElo "2365"]

1.d4 Nf6 2.Nf3 g6 3.g3 Bg7 4.Bg2 O-O 5.c4 d6 6.O-O Nbd7 7.b3 e5 8.e3 Re8
9.Bb2 Qe7 10.Nc3 a6 11.Qc2 c6 12.a4 e4 13.Nd2 d5 14.Ba3 Qd8 15.b4 Nf8 16.b5 Bf5
17.cxd5 cxd5 18.Qb3 a5 19.b6 Ra6 20.Rab1 Qd7 21.Qb5 Qe6 22.Nb3 N8d7 23.Nxa5 Rxb6
24.Qe2 Rxb1 25.Rxb1 b6 26.Nb3 Bg4 27.Qa6 Bh3 28.a5 Bxg2 29.Kxg2 bxa5 30.Qxe6 fxe6
31.Nxa5 Ra8 32.Rb5 Rc8  1/2-1/2

[Event "FIN-ch"]
[Site "Helsinki"]
[Date "1994.??.??"]
[Round "?"]
[White "Hakulinen, Esko Matti"]
[Black "Sammalvuo, Tapani"]
[Result "1-0"]
[WhiteElo "2330"]
[BlackElo "2280"]

1.d4 Nf6 2.Nf3 g6 3.c4 Bg7 4.g3 O-O 5.Bg2 d6 6.O-O Nc6 7.Nc3 a6 8.Bg5 h6
9.Bf4 g5 10.Bc1 Bf5 11.b3 Ne4 12.Bb2 Nxc3 13.Bxc3 Be4 14.Ne1 Bxg2 15.Nxg2 d5
16.Rc1 e6 17.cxd5 Qxd5 18.Ne3 Qe4 19.Qc2 Qxc2 20.Nxc2 Rfd8 21.Rfd1 Rd7 22.Rd2 Rad8
23.Rcd1 a5 24.f3 b6 25.Kf2 Nb8 26.e4 Kf8 27.Ke2 f5 28.g4 fxg4 29.fxg4 Kf7
30.Rd3 Kg6 31.Ne3 Re8 32.a3 Nc6 33.b4 axb4 34.axb4 Na7 35.d5 exd5 36.Bxg7 Rxg7
37.exd5 Nb5 38.Rc1 Rf7 39.Rc6+ Rf6 40.Kd2 Re4 41.h3 Rxb4 42.Rxf6+ Kxf6 43.d6  1-0

[Event "FIN-ch"]
[Site "Helsinki"]
[Date "1994.??.??"]
[Round "?"]
[White "Hakulinen, Esko Matti"]
[Black "Manninen, Marko"]
[Result "1/2-1/2"]
[WhiteElo "2330"]
[BlackElo "2375"]

1.d4 Nf6 2.Nf3 g6 3.c4 Bg7 4.g3 O-O 5.Bg2 d6 6.O-O a6 7.Nc3 Nc6 8.d5 Na5
9.Nd2 c5 10.Qc2 Rb8 11.b3 b5 12.Bb2 bxc4 13.bxc4 Bh6 14.f4 e5 15.dxe6 fxe6
16.Nce4 Ng4 17.Rab1 Ne3 18.Qc3 Rxb2 19.Qxe3 Rxa2 20.Qd3 Bg7 21.Rfd1 Bd7 22.h4 Ba4
23.Rdc1 Kh8 24.e3 d5 25.Nxc5 dxc4 26.Qxd8 Rxd8 27.Nxc4 Bc2 28.Nxe6 Re8 29.Nxg7 Kxg7
30.Rxc2 Rxc2 31.Nxa5 Rxe3 32.Kf1 Rxg3 33.Bd5 Kh6 34.Nc6 Rg4 35.Rb4 Rxh4 36.Ne5 Rh3
37.Rb7 Rhc3 38.Ng4+ Kh5 39.Nf6+ Kh4 40.Rxh7+ Kg3 41.Ne4+ Kxf4 42.Nxc3 Rxc3  1/2-1/2

[Event "FIN-ch"]
[Site "Helsinki"]
[Date "1994.??.??"]
[Round "?"]
[White "Kekki, Petri"]
[Black "Norri, Joose"]
[Result "0-1"]
[WhiteElo "2275"]
[BlackElo "2385"]

1.d4 Nf6 2.Nf3 g6 3.g3 Bg7 4.Bg2 O-O 5.c4 d6 6.O-O Nc6 7.Nc3 a6 8.h3 Rb8
9.Bg5 h6 10.Be3 Bd7 11.Nd5 b5 12.Nxf6+ exf6 13.cxb5 Rxb5 14.Qd2 g5 15.Ne1 Ne7
16.f3 f5 17.Bf2 f4 18.gxf4 gxf4 19.Qxf4 Rxb2 20.Nd3 Rxe2 21.Rfc1 Nd5 22.Qg3 Qg5
23.Qxg5 hxg5 24.Bf1 Rd2 25.Rab1 Rxa2 26.Nb4 Nxb4 27.Rxb4 c6 28.Rb7 Be6 29.Bc4 Bxc4
30.Rxc4 Re8 31.d5 cxd5 32.Rcc7 Bd4  0-1

[Event "EU-ch U16 Girls"]
[Site "Herculane"]
[Date "1994.??.??"]
[Round "6"]
[White "Kiseleva, Natalia"]
[Black "Dworakowska, Joanna"]
[Result "1/2-1/2"]
[WhiteElo "2190"]
[BlackElo "2190"]

1.d4 Nf6 2.c4 g6 3.Nf3 Bg7 4.g3 O-O 5.Bg2 d6 6.O-O c6 7.Nc3 Nbd7 8.e4 e5
9.h3 Qb6 10.dxe5 dxe5 11.Qc2 Ne8 12.Be3 Qb4 13.b3 Qe7 14.a3 Nc7 15.b4 Ne6
16.Rad1 f5 17.exf5 gxf5 18.Rfe1 Rf7 19.c5 Ndf8 20.Qc1 Ng6 21.Ng5 Rf8 22.Rd6 e4
23.Nxe6 Bxe6 24.Bg5 Qf7 25.Ne2 Bd5 26.Bh6 Rad8 27.Bxg7 Qxg7 28.Rxd8 Rxd8
29.Qg5 Rf8  1/2-1/2

[Event "Hlohovec op"]
[Site "Hlohovec"]
[Date "1994.??.??"]
[Round "?"]
[White "Tibensky, Robert"]
[Black "Zontakh, Andrey"]
[Result "0-1"]
[WhiteElo "2410"]
[BlackElo "2450"]

1.d4 Nf6 2.Nf3 g6 3.c4 Bg7 4.g3 O-O 5.Bg2 d6 6.O-O Nbd7 7.Nc3 e5 8.e4 c6
9.b3 Qb6 10.d5 cxd5 11.cxd5 Nc5 12.Nd2 Bd7 13.Rb1 Rfc8 14.Ba3 Qa6 15.Bb2 Bh6
16.Ba1 b5 17.b4 Na4 18.Ne2 Nb6 19.Nc3 Rc7 20.Re1 Rac8 21.Rb3 Na4 22.Ndb1 Qb6
23.Bf1 a6 24.Kg2 Ng4 25.Qc2 f5 26.h3 Nf6 27.f3 fxe4 28.fxe4 Rf8 29.Qe2 Nh5
30.Nd1 Rc4 31.a3 Qd8 32.Nf2 Qc8 33.Rf3 Bxh3+ 34.Kh2 Bd7 35.Rxf8+ Bxf8 36.Qe3 Rc7
37.Nd2 Nf6 38.Nb3 Ng4+ 39.Nxg4 Bxg4 40.Bd3 Bg7 41.Na5 Bf6 42.Nc6 Kg7 43.Rf1 Rf7
44.Bc2 Qf8 45.Bxa4 bxa4 46.Qe1 Kg8 47.Bc3 Qh6+ 48.Kg1 Bg5 49.Rxf7 Be3+  0-1

[Event "Hlohovec op"]
[Site "Hlohovec"]
[Date "1994.??.??"]
[Round "?"]
[White "Kantorik, Marian"]
[Black "Dydyshko, Viacheslav"]
[Result "0-1"]
[WhiteElo "2270"]
[BlackElo "2505"]

1.d4 Nf6 2.Nf3 g6 3.g3 Bg7 4.Bg2 O-O 5.c4 d6 6.b3 e5 7.Nc3 Nbd7 8.O-O Re8
9.dxe5 dxe5 10.Bb2 e4 11.Ng5 h6 12.Nh3 c6 13.Qd2 e3 14.fxe3 Qe7 15.e4 Ne5
16.Nf2 h5 17.Nd3 Rd8 18.Qg5 Nxd3 19.exd3 Rxd3 20.e5 Qc5+ 21.Kh1 Nh7 22.Ne4 Qf8
23.Qc1 Be6 24.Ba3 Qc8 25.Qf4 Qc7 26.Nc5 Bxe5 27.Qh6 Bxa1 28.Nxe6 Qe5 29.Nc5 Rd6
30.Ne4 Rd7 31.Bd6 Qg7 32.Qf4 Re8 33.Nc5 Rdd8 34.Nxb7 Rc8 35.Bh3 f5 36.Bg2 Be5
37.Bxe5 Rxe5 38.Nd6 Rc7 39.b4 Nf8 40.c5 a5 41.a3 axb4 42.axb4 Kh7 43.Qc4 Qe7
44.h3 Re1 45.Rxe1 Qxe1+ 46.Kh2 Qe5 47.Nf7 Qe3 48.h4 Kg7 49.Ng5 Qe7 50.Qa6 Nh7
51.Qa1+ Nf6 52.Kh3 Ra7 53.Qb2 f4 54.Bxc6 Qe1 55.gxf4 Re7 56.Bf3 Re3 57.Kg2 Qxh4
58.Ne4 Qxf4 59.Qxf6+ Qxf6 60.Nxf6 Kxf6 61.b5 Rb3 62.b6 Ke7 63.b7 Kd8 64.Be4 g5
65.c6 Kc7 66.Bd5 Rd3  0-1

[Event "Hradec Kralove op"]
[Site "Hradec Kralove"]
[Date "1994.??.??"]
[Round "3"]
[White "Mrna, Vladimir"]
[Black "Vavra, Radim"]
[Result "1/2-1/2"]
[WhiteElo "1885"]
[BlackElo "1925"]

1.d4 Nf6 2.c4 g6 3.g3 Bg7 4.Bg2 O-O 5.Nf3 d6 6.O-O Nbd7 7.Nc3 e5 8.e4 c6
9.dxe5 dxe5 10.h3 Qe7 11.Be3 Rd8 12.Qe2 Nf8 13.Rad1 b6 14.Rxd8 Qxd8 15.Rd1 Qc7  1/2-1/2

[Event "HUN-chT 9394"]
[Site "?"]
[Date "1994.??.??"]
[Round "?"]
[White "Csom, Istvan"]
[Black "Schneider, Attila"]
[Result "0-1"]
[WhiteElo "2410"]
[BlackElo "2380"]

1.Nf3 Nf6 2.d4 g6 3.c4 Bg7 4.g3 O-O 5.Bg2 d6 6.Nc3 Nc6 7.O-O a6 8.b3 Rb8
9.Nd5 Ne4 10.Bb2 f5 11.Qc2 e6 12.Ne3 Ne7 13.Rfd1 Bd7 14.Ne1 Nf6 15.Nd3 g5
16.Nf1 Ng6 17.a4 f4 18.e4 Qe8 19.e5 dxe5 20.dxe5 Ng4 21.Qe2 Nh6 22.Nd2 Qf7
23.Nc5 Bc8 24.Qh5 fxg3 25.Nce4 gxf2+ 26.Kh1 Nxe5 27.Qxg5 Qf4 28.Qxf4 Rxf4
29.Nf1 Bd7 30.Bc1 Rg4 31.Bxh6 Bc6 32.Bxg7 Bxe4 33.Ng3 Bxg2+ 34.Kxg2 Rxg7
35.Kxf2 Rf8+ 36.Ke2 Ng4 37.Rg1 Rf2+ 38.Kd3 Rxh2 39.Ne4 h5 40.Rae1 e5 41.Kc3 Rh3+
42.Kb2 Rf7 43.Nc5 Kh7 44.Rd1 Rh2+ 45.Ka3 Ne3 46.Rd8 a5 47.Nd3 Nc2+ 48.Kb2 Nd4+
49.Kb1 Nxb3 50.Nxe5 Rg7 51.Rd7 Rxd7 52.Nxd7 Rf2 53.Ne5 Nc5 54.Rg5 Rh2 55.Nf3 Rh1+
56.Kc2 b6 57.Nd4 Rh2+ 58.Kc1 Rh4 59.Rd5 Rxd4  0-1

[Event "HUN-chT 9394"]
[Site "?"]
[Date "1994.??.??"]
[Round "?"]
[White "Vadasz, Laszlo"]
[Black "Poor, Istvan"]
[Result "1/2-1/2"]
[WhiteElo "2375"]
[BlackElo "2280"]

1.Nf3 g6 2.d4 Bg7 3.c4 d6 4.g3 Nf6 5.Bg2 O-O 6.O-O Nc6 7.Nc3 a6 8.h3 Rb8
9.e4 e5 10.d5 Na5 11.Qd3 c5 12.dxc6 bxc6 13.Rd1 Nb7 14.Be3 Qc7 15.b3 Nd7
16.Rac1 f5 17.c5 Ndxc5 18.Bxc5 Nxc5 19.Qxd6 Qxd6 20.Rxd6 fxe4 21.Ng5 Bh6
22.h4 Bf5 23.Rxc6 Ne6 24.Ncxe4 Nd4 25.R1c5 Nxc6  1/2-1/2

[Event "HUN-chT 9394"]
[Site "?"]
[Date "1994.??.??"]
[Round "?"]
[White "Lengyel, Ferenc"]
[Black "Bagonyai, Attila"]
[Result "1/2-1/2"]
[WhiteElo "2285"]
[BlackElo "2245"]

1.Nf3 Nf6 2.c4 g6 3.g3 Bg7 4.Bg2 d6 5.d4 O-O 6.O-O Nbd7 7.Nc3 e5 8.h3 exd4
9.Nxd4 a6 10.Bg5 h6 11.Be3 Rb8 12.Qd2 Kh7 13.Rad1 Re8 14.Nf3 Qe7  1/2-1/2

[Event "HUN-chT 9394"]
[Site "?"]
[Date "1994.??.??"]
[Round "?"]
[White "Horvath, Peter"]
[Black "Halasz, Tamas"]
[Result "0-1"]
[WhiteElo "2395"]
[BlackElo "2390"]

1.d4 Nf6 2.Nf3 g6 3.c4 Bg7 4.g3 O-O 5.Bg2 d6 6.Nc3 c5 7.O-O Nc6 8.d5 Na5
9.Nd2 e5 10.e4 Bd7 11.Qe2 a6 12.f4 exf4 13.gxf4 Qb8 14.e5 dxe5 15.Nde4 Nxe4
16.Nxe4 b6 17.Bd2 f5 18.Bxa5 fxe4 19.Bc3 exf4 20.Bxg7 Kxg7 21.Qxe4 Qd6 22.Rae1 Rae8
23.Qf3 g5 24.Qc3+ Qf6 25.Qxf6+ Kxf6 26.Be4 h6 27.Bd3 Bh3 28.Rxe8 Rxe8 29.Rd1 Bg4
30.Rb1 Re3 31.Bf1 Ke5 32.b4 Kd4 33.d6 Re6 34.h3 Bh5 35.d7 Rd6 36.bxc5 Kxc5
37.Re1 Rxd7 38.Re5+ Kd6 39.Re4 Bf7 40.Re1 Re7 41.Rd1+ Kc7 42.Rd4 Re3 43.h4 Rg3+
44.Kh1 Ra3 45.Re4 Kd6 46.Rd4+ Ke5 47.Rd7 Be6 48.Rh7 Rxa2 49.Rxh6 Ra1 50.Kg2 g4
51.Bd3 Rd1  0-1

[Event "HUN-chT2 9394"]
[Site "?"]
[Date "1994.??.??"]
[Round "?"]
[White "Nemeth, Zoltan"]
[Black "Sandor, Jozsef"]
[Result "1-0"]
[WhiteElo "2370"]
[BlackElo "2290"]

1.Nf3 d6 2.c4 g6 3.g3 Bg7 4.Bg2 Nf6 5.d4 O-O 6.Nc3 Nc6 7.h3 Bd7 8.O-O Qc8
9.Kh2 Re8 10.e4 e5 11.Be3 h6 12.Rc1 b6 13.d5 Ne7 14.Ne1 Nh5 15.Nd3 f5 16.exf5 Nxf5
17.g4 Nxe3 18.fxe3 Nf6 19.Ne4 Rf8 20.Rc2 Qd8 21.Rcf2 Qe7 22.Ne1 Nh7 23.Qc2 Rxf2
24.Rxf2 Rf8 25.Rxf8+ Bxf8 26.b4 Ng5 27.Nf3 Nxe4 28.Qxe4 g5 29.Bf1 Qh7 30.Qxh7+ Kxh7
31.Bd3+ Kg7 32.b5 Kf6 33.Nd2 Bg7 34.Bh7 Bf8 35.Ne4+ Ke7 36.Bf5 Be8 37.Kg3 Bg7
38.h4 Bf6 39.h5 Bf7 40.Kf3 Be8 41.Ng3 Bg7 42.Ke4 Kf6 43.Be6 Bf8 44.Nf5 Bxh5
45.gxh5 g4 46.Bd7 Kg5 47.Be8 Kf6 48.Bg6 Kg5 49.Kd3  1-0

[Event "HUN-chT2 9394"]
[Site "?"]
[Date "1994.??.??"]
[Round "?"]
[White "Korpics, Zsolt"]
[Black "Sinkovics, Peter"]
[Result "1/2-1/2"]
[WhiteElo "2295"]
[BlackElo "2395"]

1.d4 Nf6 2.c4 g6 3.Nf3 Bg7 4.g3 O-O 5.Bg2 d6 6.Nc3 Nc6 7.d5 Na5 8.b3 c5 9.Bb2 a6
10.O-O Rb8 11.Qc2 Bf5 12.Qc1 b5 13.Nd2 bxc4 14.e4 Bd7 15.bxc4 Ng4 16.Nd1 Ne5
17.Bc3 Bh6 18.Bxe5 Bxd2 19.Qxd2 Nxc4 20.Qc3 Nxe5 21.f4 Ng4 22.h3 Nf6 23.e5 Ne8
24.Ne3 Qb6 25.Rab1 Qxb1 26.Rxb1 Rxb1+ 27.Kh2 Rb4 28.e6 Bb5 29.Ng4 f6 30.Nh6+ Kg7
31.Nf7 Nc7 32.f5 Be8 33.Nd8 Nb5 34.Qd2 Nd4 35.a3 Rb8 36.Qa5 Bb5 37.Nf7 Nxf5
38.Qc7 Rfc8 39.Qa7 c4 40.Be4 c3 41.Bf3  1/2-1/2

[Event "JUG-chT"]
[Site "Igalo"]
[Date "1994.??.??"]
[Round "?"]
[White "Maric, Alisa"]
[Black "Nikolin, Zorica"]
[Result "1-0"]
[WhiteElo "2400"]
[BlackElo "2170"]

1.Nf3 Nf6 2.c4 g6 3.g3 Bg7 4.Bg2 d6 5.d4 O-O 6.O-O Nc6 7.Nc3 a6 8.h3 Rb8
9.Be3 b5 10.Nd2 Bd7 11.Rc1 e5 12.dxe5 Nxe5 13.b3 bxc4 14.f4 Nc6 15.Nxc4 Re8
16.Bf2 d5 17.Nxd5 Nxd5 18.Qxd5 Rxe2 19.Rfd1 Be8 20.Qf3 Qe7 21.Ne5 Rxe5 22.fxe5 Nxe5
23.Qe3 Rb6 24.Qc5 Rd6 25.Rxd6 cxd6 26.Qa7 Qxa7 27.Bxa7 Bb5 28.Rc8+ Bf8 29.Bb8 Nd7
30.Bxd6 Kg7 31.Bxf8+ Nxf8 32.Bf1  1-0

[Event "JUG-chT"]
[Site "Igalo"]
[Date "1994.??.??"]
[Round "?"]
[White "Martinovic, Slobodan"]
[Black "Vukic, Milan"]
[Result "1/2-1/2"]
[WhiteElo "2455"]
[BlackElo "2445"]

1.d4 Nf6 2.c4 g6 3.Nf3 Bg7 4.g3 O-O 5.Bg2 d6 6.O-O Nbd7 7.Nc3 e5 8.e3 Re8
9.Qc2 c6 10.b3 exd4 11.Nxd4 Nb6 12.Bb2 Qe7 13.e4 h5 14.Rad1 Nbd7 15.Rfe1 h4
16.Qd2 hxg3 17.hxg3 Nc5 18.Ba3 Nfd7 19.b4 Ne6 20.Nxe6 fxe6 21.Bb2 Ne5 22.Qe2 Nf7
23.Na4 e5 24.c5 dxc5 25.Nxc5 a5 26.a3 axb4 27.axb4 b6 28.Nd3 Ba6 29.Bc3 Bb5
30.Qb2 Nd6 31.Bf1 Nc4 32.Qb1 Kh7 33.Nb2 Na3 34.Qc1 Qe6 35.Bd2 Bf8 36.Bxb5 Nxb5
37.Qc4 Ra2 38.Qxe6 Rxe6 39.Nc4 Kg8 40.Kg2  1/2-1/2

[Event "JUG-chT"]
[Site "Igalo"]
[Date "1994.??.??"]
[Round "?"]
[White "Voiska, Margarita"]
[Black "Nikolin, Zorica"]
[Result "1/2-1/2"]
[WhiteElo "2350"]
[BlackElo "2170"]

1.d4 Nf6 2.c4 g6 3.Nf3 Bg7 4.g3 O-O 5.Bg2 d6 6.O-O Nc6 7.Nc3 e5 8.d5 Ne7
9.e4 Ne8 10.Ne1 f5 11.Nd3 Nf6 12.Bg5 Nxe4 13.Nxe4 fxe4 14.Bxe4 Bf5 15.f3 h6
16.Bxe7 Qxe7 17.Qe2 Qg5 18.Rae1 h5 19.Qg2 Rae8 20.b3 Qd8 21.Bxf5 Rxf5 22.f4 Qd7
23.Qe4 Ref8 24.fxe5 Bxe5 25.Rxf5 Rxf5 26.Nxe5 dxe5 27.Qe3 b6 28.Kg2 Qf7 29.Re2 Rf1
30.Rf2 Rxf2+ 31.Qxf2 Qe7 32.Kf3 Qb4 33.Ke4  1/2-1/2

[Event "IND-ch"]
[Site "?"]
[Date "1994.??.??"]
[Round "12"]
[White "Shantharam, KV."]
[Black "Wajih, Nassir"]
[Result "1/2-1/2"]
[WhiteElo "2260"]
[BlackElo "2340"]

1.d4 Nf6 2.Nf3 g6 3.c4 Bg7 4.g3 O-O 5.Bg2 d6 6.O-O Nc6 7.Nc3 e5 8.d5 Ne7
9.b4 Nd7 10.Rb1 f5 11.Qb3 Kh8 12.Bg5 h6 13.Bxe7 Qxe7 14.c5 e4 15.cxd6 Qf6
16.Nh4 cxd6 17.Nb5 g5 18.Nxf5 Qxf5 19.Nxd6 Qg6 20.Nxe4 Ne5 21.Rbc1 Bf5 22.Nd2 Rac8
23.e4 Bg4 24.Rxc8 Rxc8 25.f3 Bd7 26.Qe3 Qa6 27.a3 Bb5 28.Re1 Nd3 29.Rb1 Rc3
30.Kh1 Qxa3 31.h4 Be5 32.Bf1 Nxb4 33.Qg1 Bxf1 34.Qxf1 Nd3 35.hxg5 Qa6 36.f4 Bd4
37.Kg2 Rc2 38.Rd1 Nb2 39.Kh3 Nxd1 40.Qxd1 Rc7 41.Nf3 Bg7 42.d6 Rd7 43.e5 Qa2
44.Qd3 Qg8 45.Nh4 Bf8 46.Qf5 Qf7 47.Qe4 Qe8 48.Ng6+ Kg8 49.Nxf8 Kxf8 50.g6 Kg7
51.e6 Rxd6 52.Qe5+ Kxg6 53.Qxd6 Qb5 54.Qd1 Kf6 55.Qa1+ Kxe6 56.Qxa7  1/2-1/2

[Event "IND-ch"]
[Site "?"]
[Date "1994.??.??"]
[Round "16"]
[White "Ravi, Lanka"]
[Black "Joshi, G B."]
[Result "1-0"]
[WhiteElo "2425"]
[BlackElo "2320"]

1.Nf3 Nf6 2.d4 g6 3.c4 Bg7 4.g3 O-O 5.Bg2 d6 6.O-O c5 7.Nc3 Nc6 8.d5 Na5
9.Nd2 a6 10.Rb1 Nd7 11.Qc2 Ne5 12.b3 Rb8 13.h3 b5 14.f4 Nd7 15.Bb2 e6 16.Kh2 Nf6
17.dxe6 fxe6 18.cxb5 axb5 19.Nde4 Qe7 20.Rbd1 d5 21.Nxf6+ Bxf6 22.e4 d4 23.e5 Bxe5
24.fxe5 Rxf1 25.Rxf1 dxc3 26.Bxc3 b4 27.Bd2 Ba6 28.Rf6 Kg7 29.Bg5 Qd7 30.Qxc5 Bb7
31.Rxe6 Qxe6 32.Qc7+ Qf7 33.Bh6+  1-0

[Event "Iraklio Schev"]
[Site "Iraklio"]
[Date "1994.??.??"]
[Round "3"]
[White "Mastrokoukos, Georgios"]
[Black "Grivas, Efstratios"]
[Result "1/2-1/2"]
[WhiteElo "2435"]
[BlackElo "2475"]

1.Nf3 Nf6 2.d4 g6 3.c4 Bg7 4.g3 O-O 5.Bg2 d6 6.O-O Nc6 7.Nc3 Bf5 8.b3 Ne4
9.Bb2 Nxc3 10.Bxc3 Be4 11.Rc1 d5 12.e3 a5 13.Bh3 e6 14.Ne1 g5 15.Nd3 b6 16.cxd5 Qxd5
17.f3 Bg6 18.Bg2 Qb5 19.Nb2 Nb4 20.a4 Qd7 21.Bxb4 axb4 22.Nc4 Rac8 23.Rf2 b5
24.axb5 Qxb5 25.Ra2 Ra8 26.Rca1 Rxa2 27.Rxa2 Qf5 28.Ra5 Qc2 29.Qxc2 Bxc2
30.Nd2 Rd8 31.Rc5 Bg6 32.Kf1 e5 33.d5 Bf8 34.Ra5 c6 35.e4 cxd5 36.Rxd5 Rxd5
37.exd5 Bc2 38.Bh3 f5 39.g4 f4 40.Ke1 Bc5 41.Bf1 Bg1 42.h3 Be3 43.Bc4 Kf8
44.Ne4 Bxe4 45.fxe4 Ke7 46.Ke2 Kd6 47.Kf3 Bb6 48.Ke2 Kc5 49.Kd3 h6 50.Ba6  1/2-1/2

[Event "Isla Guitart op"]
[Site "Isla Guitart "]
[Date "1994.??.??"]
[Round "?"]
[White "Corzo, Amaury"]
[Black "Rodriguez, Pedro"]
[Result "0-1"]
[WhiteElo "2345"]
[BlackElo "2320"]

1.d4 Nf6 2.Nf3 d6 3.c4 g6 4.g3 Bg7 5.Bg2 O-O 6.O-O Nbd7 7.Nc3 a6 8.Qc2 Rb8
9.b3 c5 10.Bb2 b5 11.d5 bxc4 12.Nd2 cxb3 13.axb3 Qb6 14.Rab1 Qc7 15.h3 Nb6
16.Qd3 Nfd7 17.f4 c4 18.bxc4 Nc5 19.Qc2 Bd7 20.Kh2 Rfc8 21.Rbc1 Nxc4 22.Nxc4 Nb3
23.Nd2 Nxc1 24.Rxc1 Rxb2 25.Qxb2 Bxc3 26.Qb3 Qa5 27.Nc4 Qb4 28.Rxc3 Qxb3
29.Rxb3 Rxc4 30.Rb7 Bb5 31.Rxe7 Rc2 32.Bf3 a5 33.g4 Kf8 34.Ra7 a4 35.Kg3 Rc3
36.Kh4 a3 37.f5 gxf5 38.gxf5 Rc4+ 39.Kg5 Ra4 40.Rb7 a2  0-1

[Event "JUG-chT2"]
[Site "?"]
[Date "1994.??.??"]
[Round "4"]
[White "Tesic, Dragan"]
[Black "Perosevic, Aleksandar"]
[Result "1-0"]
[WhiteElo "2305"]
[BlackElo "2335"]

1.d4 Nf6 2.c4 g6 3.Nf3 Bg7 4.g3 O-O 5.Bg2 d6 6.Nc3 Nbd7 7.O-O c6 8.e4 e5
9.h3 a5 10.Be3 exd4 11.Nxd4 Nc5 12.Qc2 Re8 13.Rad1 Qe7 14.Rfe1 a4 15.f4 Nfd7
16.Bf2 Qd8 17.Nde2 Qa5 18.Rxd6 Qb4 19.Rd2 Qxc4 20.Nd4 Qb4 21.e5 a3 22.b3 Nf8
23.Kh2 Bd7 24.Rc1 f6 25.exf6 Bxf6 26.Rdd1 Nce6 27.Nde2 Nc7 28.Ne4 Bb2 29.Bc5 Qb5
30.Nd4 Bxd4 31.Bxd4 Bf5 32.Re1 Nfe6 33.Be5 Nd5 34.Qf2 Bxe4 35.Rxe4 Rad8 36.Bf1 Qa5
37.Rce1 Qa8 38.Ba1 Ng7 39.Qd4 Nf5 40.Qh8+ Kf7 41.Qxh7+ Kf8 42.Qxg6  1-0